[Event "IV Copa Marcel Duchamp 2020"]
[Site "Montevideo"]
[Date "2020.02.15"]
[Round "9.26"]
[White "Soto, Nicolas"]
[Black "Avedisian, Alexander"]
[Result "1/2-1/2"]
[WhiteElo "2002"]
[BlackElo "1892"]
[Annotator "ChessBase"]
[PlyCount "170"]
[EventDate "2020.02.08"]
[EventType "swiss"]
[EventCountry "URU"]
[SourceTitle "playchess.com"]
[Source "ChessBase"]
[SourceQuality "1"]
[TimeControl "5400+30"]

1. e4 {[%emt 0:05:55]} c5 {[%emt 0:00:00]} 2. Nf3 {[%emt 0:00:07]} g6 {[%emt 0:00:00]} 3. d4 {[%emt 0:00:10]} cxd4 {[%emt 0:00:00]} 4. Nxd4 {[%emt 0:00:05]} Nf6 {[%emt 0:00:00]} 5. Nc3 {[%emt 0:01:23]} Nc6 {[%emt 0:02:57]} 6. Bc4 {[%emt 0:00:37]} Bg7 {[%emt 0:00:36]} 7. Be3 {[%emt 0:01:04]} Qa5 {[%emt 0:00:26]} 8. O-O {[%emt 0:24:31]} O-O {[%emt 0:00:05]} 9. Bb3 {[%emt 0:00:49]} d6 {[%emt 0:00:34]} 10. f3 {[%emt 0:00:57]} Bd7 {[%emt 0:01:17]} 11. Qd2 {[%emt 0:00:57]} Rac8 {[%emt 0:01:00]} 12. Rad1 {[%emt 0:00:44]} Rfe8 {[%emt 0:02:13]} 13. Nxc6 {[%emt 0:07:05]} Bxc6 {[%emt 0:00:36]} 14. Kh1 {[%emt 0:02:41]} Nd7 {[%emt 0:01:58]} 15. Bd4 {[%emt 0:01:06]} Bxd4 {[%emt 0:07:35]} 16. Qxd4 {[%emt 0:00:05]} Qc5 {[%emt 0:01:31]} 17. Qd2 {[%emt 0:02:06]} Ne5 {[%emt 0:03:48]} 18. Qh6 {[%emt 0:15:26]} e6 {[%emt 0:34:37]} 19. h4 Bb5 20. Nxb5 {[%emt 0:03:08]} Qxb5 {[%emt 0:00:41]} 21. Rf2 {[%emt 0:00:19]} a5 22. a4 Qb4 {[%emt 0:11:58]} 23. Qd2 {[%emt 0:05:43]} Qc5 {[%emt 0:00:41]} 24. Qd4 {[%emt 0:04:13]} Nc4 {[%emt 0:06:46]} 25. Bxc4 {[%emt 0:02:14]} Qxc4 {[%emt 0:00:31]} 26. Qxc4 {[%emt 0:00:36]} Rxc4 {[%emt 0:00:06]} 27. Rxd6 Rxa4 {[%emt 0:07:02]} 28. Rb6 {[%emt 0:00:32]} Re7 29. Rd2 f5 {[%emt 0:02:28]} 30. b3 {[%emt 0:02:11]} Ra1+ {[%emt 0:01:58]} 31. Kh2 {[%emt 0:00:01]} a4 {[%emt 0:00:47]} 32. bxa4 {[%emt 0:06:42]} Rxa4 {[%emt 0:00:06]} 33. Re2 {[%emt 0:00:15]} Ra6 34. Rxa6 {[%emt 0:06:07]} bxa6 {[%emt 0:04:31]} 35. exf5 {[%emt 0:00:03]} gxf5 {[%emt 0:00:14]} 36. Re5 {[%emt 0:00:01]} Kf7 {[%emt 0:01:37]} 37. Ra5 {[%emt 0:01:00]} Rc7 {[%emt 0:00:20]} 38. Rxa6 {[%emt 0:01:59]} Rxc2 {[%emt 0:00:07]} 39. Kg3 {[%emt 0:01:46]} h5 {[%emt 0:01:00]} 40. Ra7+ {[%emt 0:00:51]} Kf6 {[%emt 0:00:27]} 41. Rh7 {[%emt 0:02:02]} Kg6 {[%emt 0:00:13]} 42. Rh8 {[%emt 0:01:50]} e5 {[%emt 0:06:50]} 43. Rg8+ {[%emt 0:00:32]} Kh6 {[%emt 0:00:41]} 44. Rg5 {[%emt 0:00:21]} f4+ {[%emt 0:00:22]} 45. Kh2 {[%emt 0:00:01]} Re2 {[%emt 0:01:45]} 46. Kg1 {[%emt 0:00:18]} e4 {[%emt 0:00:05]} 47. fxe4 {[%emt 0:00:35]} Rxe4 {[%emt 0:00:08]} 48. Kf2 {[%emt 0:00:06]} Ra4 {[%emt 0:01:19]} 49. Kf3 {[%emt 0:00:17]} Rb4 {[%emt 0:00:34]} 50. Re5 {[%emt 0:00:45]} Kg6 {[%emt 0:01:45]} 51. Rg5+ {[%emt 0:00:22]} Kh6 {[%emt 0:00:26]} 52. Rf5 {[%emt 0:00:38]} Kg6 {[%emt 0:00:36]} 53. Rxf4 {[%emt 0:00:25]} Rb3+ {[%emt 0:00:16]} 54. Kf2 {[%emt 0:00:25]} Ra3 {[%emt 0:00:28]} 55. Rf3 {[%emt 0:00:30]} Ra2+ {[%emt 0:00:15]} 56. Kg3 {[%emt 0:00:16]} Ra4 {[%emt 0:00:12]} 57. Rb3 {[%emt 0:02:00]} Rc4 {[%emt 0:00:29]} 58. Rb6+ {[%emt 0:00:38]} Kf5 {[%emt 0:00:36]} 59. Rb5+ {[%emt 0:00:48]} Kg6 {[%emt 0:00:20]} 60. Kh3 {[%emt 0:00:05]} Rc3+ {[%emt 0:01:09]} 61. g3 {[%emt 0:00:07]} Rc6 {[%emt 0:00:45]} 62. Rg5+ {[%emt 0:00:10]} Kh6 {[%emt 0:00:09]} 63. Kg2 {[%emt 0:00:01]} Rc3 {[%emt 0:00:45]} 64. Kf2 {[%emt 0:00:06]} Ra3 {[%emt 0:00:35]} 65. Re5 {[%emt 0:00:06]} Kg6 {[%emt 0:00:13]} 66. Re6+ {[%emt 0:01:03]} Kh7 {[%emt 0:00:58]} 67. Re3 {[%emt 0:01:12]} Ra4 {[%emt 0:00:20]} 68. Kf3 {[%emt 0:00:12]} Kg6 {[%emt 0:00:14]} 69. Re4 {[%emt 0:00:23]} Ra5 {[%emt 0:00:37]} 70. Kf4 {[%emt 0:00:34]} Rf5+ {[%emt 0:00:22]} 71. Ke3 {[%emt 0:00:06]} Ra5 {[%emt 0:00:51]} 72. Re8 {[%emt 0:01:51]} Ra3+ {[%emt 0:00:14]} 73. Kf4 {[%emt 0:00:15]} Ra4+ {[%emt 0:00:09]} 74. Re4 {[%emt 0:00:01]} Ra6 {[%emt 0:00:18]} 75. Rd4 {[%emt 0:00:18]} Re6 {[%emt 0:00:49]} 76. Rd5 {[%emt 0:02:42]} Rf6+ {[%emt 0:00:46]} 77. Ke4 {[%emt 0:00:43]} Re6+ {[%emt 0:00:19]} 78. Kd4 {[%emt 0:00:33]} Re1 {[%emt 0:00:46]} 79. Rg5+ {[%emt 0:00:26]} Kh6 {[%emt 0:00:17]} 80. Re5 {[%emt 0:00:04]} Rg1 {[%emt 0:00:39]} 81. Re3 {[%emt 0:00:16]} Rf1 {[%emt 0:00:46]} 82. Re6+ {[%emt 0:00:48]} Kg7 {[%emt 0:00:07]} 83. Ke5 {[%emt 0:01:01]} Rf3 {[%emt 0:00:16]} 84. Re7+ {[%emt 0:00:46]} Kg6 {[%emt 0:00:08]} 85. Re6+ {[%emt 0:00:18]} Kg7 {[%emt 0:00:08]} 1/2-1/2

[Event "IV Copa Marcel Duchamp 2020"]
[Site "Montevideo"]
[Date "2020.02.15"]
[Round "9.27"]
[White "Siddeley, Hugh"]
[Black "Palacio, Enzo"]
[Result "1/2-1/2"]
[WhiteElo "1974"]
[BlackElo "1869"]
[Annotator "ChessBase"]
[PlyCount "71"]
[EventDate "2020.02.08"]
[EventType "swiss"]
[EventCountry "URU"]
[SourceTitle "playchess.com"]
[Source "ChessBase"]
[SourceQuality "1"]
[TimeControl "5400+30"]

1. e4 {[%emt 0:08:39]} c5 {[%emt 0:00:00]} 2. Nf3 {[%emt 0:00:05]} d6 {[%emt 0:00:00]} 3. d4 {[%emt 0:00:11]} cxd4 {[%emt 0:00:00]} 4. Nxd4 {[%emt 0:00:03]} Nf6 {[%emt 0:00:00]} 5. Nc3 {[%emt 0:00:04]} a6 6. g3 e5 {[%emt 0:04:07]} 7. Nde2 {[%emt 0:07:29]} Be7 {[%emt 0:00:20]} 8. Bg2 {[%emt 0:00:56]} Be6 {[%emt 0:00:07]} 9. h3 {[%emt 0:00:31]} Nbd7 {[%emt 0:00:46]} 10. g4 {[%emt 0:00:17]} Nb6 {[%emt 0:11:30]} 11. Bg5 {[%emt 0:07:54]} h5 {[%emt 0:06:38]} 12. Bxf6 {[%emt 0:01:17]} Bxf6 {[%emt 0:00:58]} 13. Ng3 {[%emt 0:00:22]} hxg4 {[%emt 0:01:45]} 14. hxg4 {[%emt 0:00:16]} Rxh1+ {[%emt 0:00:05]} 15. Bxh1 {[%emt 0:00:20]} g6 {[%emt 0:02:15]} 16. Nd5 {[%emt 0:07:37]} Bh4 {[%emt 0:05:41]} 17. Qf3 {[%emt 0:01:51]} Bxd5 {[%emt 0:27:43]} 18. exd5 {[%emt 0:01:12]} Bxg3 {[%emt 0:01:50]} 19. Qxg3 {[%emt 0:00:22]} Qc7 {[%emt 0:01:09]} 20. Qd3 {[%emt 0:03:24]} Qc4 {[%emt 0:01:27]} 21. Qxc4 {[%emt 0:01:19]} Nxc4 {[%emt 0:00:02]} 22. O-O-O {[%emt 0:02:00]} Ke7 {[%emt 0:00:48]} 23. Be4 {[%emt 0:00:34]} Rf8 {[%emt 0:00:34]} 24. Rh1 {[%emt 0:03:58]} Kf6 {[%emt 0:02:06]} 25. b3 {[%emt 0:01:41]} Nb6 {[%emt 0:00:04]} 26. Kd2 {[%emt 0:00:23]} Kg7 {[%emt 0:00:27]} 27. g5 {[%emt 0:00:22]} Nd7 {[%emt 0:01:21]} 28. Ke3 {[%emt 0:00:54]} f5 {[%emt 0:01:53]} 29. gxf6+ {[%emt 0:00:35]} Nxf6 {[%emt 0:00:05]} 30. f3 {[%emt 0:00:34]} Nxe4 {[%emt 0:00:35]} 31. Kxe4 {[%emt 0:02:06]} Rf4+ {[%emt 0:00:10]} 32. Ke3 Rd4 {[%emt 0:02:38]} 33. c4 {[%emt 0:00:16]} Rf4 {[%emt 0:02:48]} 34. Rc1 {[%emt 0:00:32]} b6 {[%emt 0:01:10]} 35. a3 {[%emt 0:00:31]} a5 {[%emt 0:00:09]} 36. Rc2 1/2-1/2

[Event "IV Copa Marcel Duchamp 2020"]
[Site "Montevideo"]
[Date "2020.02.15"]
[Round "9.28"]
[White "Aprahamian, Tomas"]
[Black "Cucchi, Nicolas"]
[Result "1/2-1/2"]
[WhiteElo "1415"]
[BlackElo "1970"]
[Annotator "NA"]
[PlyCount "61"]
[EventDate "2020.02.08"]
[EventType "swiss"]
[EventCountry "URU"]
[SourceTitle "playchess.com"]
[Source "ChessBase"]
[SourceQuality "1"]
[TimeControl "5400+30"]

1. d4 {[%emt 0:00:00]} Nf6 {[%emt 0:08:32]} 2. Nf3 {[%emt 0:00:00]} d5 3. e3 {[%emt 0:00:00]} c5 {[%emt 0:00:23]} 4. b3 {[%emt 0:00:00]} cxd4 {[%emt 0:00:07]} 5. exd4 {[%emt 0:00:33]} Nc6 {[%emt 0:00:36]} 6. Bb2 {[%emt 0:00:26] D04: Colle System.} Bg4 {[%emt 0:00:26]} 7. Nbd2 {[%emt 0:01:04]} e6 {[%emt 0:00:14]} 8. a3 {[%emt 0:00:49]} Be7 {[%emt 0:00:20]} 9. Bd3 {[%emt 0:00:06]} O-O {[%emt 0:00:25]} 10. O-O {[%emt 0:00:39]} Rc8 {[%emt 0:01:07]} 11. Rc1 {[%emt 0:01:52] [#]} Bd6 $146 {[%emt 0:03:25]} ({Predecessor:} 11... Re8 12. Qe1 Bf8 13. Qe3 Bh5 14. Ne5 Nxe5 15. dxe5 Nd7 16. c4 Bc5 17. Qg3 Nf8 {½-½ (47) Antonica,D (2230)-Tsvetkov,A (2346) Bratislava 2019}) 12. c4 {[%emt 0:02:35]} Bf4 {[%emt 0:00:20]} 13. Be2 {[%emt 0:01:59]} Ne4 {[%emt 0:03:12]} 14. Rc2 {[%emt 0:01:47]} Nxd2 {[%emt 0:05:57]} 15. Nxd2 {[%emt 0:00:31]} Bf5 {[%emt 0:02:37]} 16. Rc1 {[%emt 0:01:04] [#]} dxc4 $1 {[%emt 0:00:30]} 17. Rxc4 {[%emt 0:00:45]} b5 {[%emt 0:00:30]} 18. Rxc6 {[%emt 0:05:14]} Rxc6 {[%emt 0:00:23]} 19. Bxb5 {[%emt 0:00:12]} Rb6 $2 {[%emt 0:04:02]} (19... Rc2 $19 {and Black stays clearly on top.} 20. Nc4 Qb8 {[%mdl 64] Decoy}) 20. a4 {[%emt 0:02:22]} Qc7 {[%emt 0:02:05]} 21. g3 $17 {[%emt 0:03:23]} Bxd2 {[%emt 0:01:16]} 22. Qxd2 {[%emt 0:00:25]} Qc2 {[%emt 0:00:11]} 23. Qxc2 {[%emt 0:01:50]} Bxc2 {[%emt 0:00:09]} 24. Ba3 {[%emt 0:00:07]} Rd8 {[%emt 0:01:36]} 25. Bc5 {[%emt 0:00:30]} Rb7 {[%emt 0:04:58]} 26. b4 {[%emt 0:00:38]} Be4 {[%emt 0:00:50]} 27. Re1 {[%emt 0:01:46]} Bd5 {[%emt 0:00:05]} 28. Ba6 {[%emt 0:01:53]} Rc7 {[%emt 0:00:10]} 29. a5 {[%emt 0:00:29]} Bb7 {[%emt 0:06:12]} 30. Bxb7 {[%emt 0:01:37]} Rxb7 {[%emt 0:00:09]} 31. f4 1/2-1/2

[Event "IV Copa Marcel Duchamp 2020"]
[Site "Montevideo"]
[Date "2020.02.15"]
[Round "9.29"]
[White "Moccero, Eduardo"]
[Black "Cardozo, Camila"]
[Result "1-0"]
[WhiteElo "1926"]
[BlackElo "1539"]
[Annotator "NA"]
[PlyCount "67"]
[EventDate "2020.02.08"]
[EventType "swiss"]
[EventCountry "URU"]
[SourceTitle "playchess.com"]
[Source "ChessBase"]
[SourceQuality "1"]
[TimeControl "5400+30"]

1. d4 {[%emt 0:00:00]} d5 {[%emt 0:05:40]} 2. c4 {[%emt 0:00:00]} e6 {[%emt 0:00:36]} 3. Nc3 {[%emt 0:00:00]} Nf6 {[%emt 0:00:50]} 4. Bg5 {[%emt 0:00:02]} Nbd7 {[%emt 0:01:48]} 5. e3 {[%emt 0:00:12]} Be7 {[%emt 0:00:48]} 6. Nf3 {[%emt 0:00:12]} O-O {[%emt 0:00:52]} 7. Rc1 {[%emt 0:01:14]} b6 {[%emt 0:03:36]} 8. cxd5 {[%emt 0:01:23]} exd5 {[%emt 0:01:26]} 9. Be2 {[%emt 0:00:45]} Bb7 {[%emt 0:02:23]} 10. O-O {[%emt 0:01:20]} Rc8 {[%emt 0:03:48]} 11. Qb3 {[%emt 0:07:40]} Ba8 {[%emt 0:14:59]} (11... c5 $11) 12. Ba6 {[%emt 0:05:06]} Rb8 {[%emt 0:00:43]} 13. Qc2 {[%emt 0:01:23]} Bb7 {[%emt 0:01:29]} 14. Bd3 {[%emt 0:00:18]} c5 {[%emt 0:02:38]} 15. Rfe1 {[%emt 0:06:34]} Rc8 {[%emt 0:04:24]} 16. Qb1 {[%emt 0:06:26]} h6 $14 {[%emt 0:02:25]} 17. Bh4 {[%emt 0:00:12]} c4 {[%emt 0:06:40]} 18. Bf5 {[%emt 0:06:50]} Re8 {[%emt 0:09:23]} 19. Nb5 {[%emt 0:02:57]} Bb4 {[%emt 0:10:04]} 20. Bxf6 {[%emt 0:03:36]} gxf6 {[%emt 0:02:42]} 21. Red1 {[%emt 0:02:23]} a6 {[%emt 0:00:49]} 22. a3 {[%emt 0:01:21]} Be7 {[%emt 0:00:38]} 23. Nc3 {[%emt 0:00:12]} b5 {[%emt 0:07:12]} 24. Bh3 {[%emt 0:03:17]} Rb8 {[%emt 0:01:13]} 25. Qf5 {[%emt 0:00:37]} Nf8 {[%emt 0:00:49]} 26. Qh5 {[%emt 0:02:42]} Kg7 {[%emt 0:00:41]} 27. Nh4 {[%emt 0:00:55]} Ng6 {[%emt 0:05:22]} 28. Nf5+ {[%emt 0:00:29]} Kg8 {[%emt 0:00:28]} 29. Nxh6+ {[%emt 0:01:45]} Kg7 {[%emt 0:01:02]} 30. Nf5+ {[%emt 0:01:36]} Kg8 {[%emt 0:00:20]} 31. Ne2 {[%emt 0:02:02]} Bc8 {[%emt 0:01:40]} 32. Nf4 {[%emt 0:04:25]} Nxf4 {[%emt 0:01:58]} 33. exf4 {[%emt 0:00:23]} Bf8 {[%emt 0:01:18]} 34. Rc3 {[%emt 0:01:42]} 1-0

[Event "IV Copa Marcel Duchamp 2020"]
[Site "Montevideo"]
[Date "2020.02.15"]
[Round "9.32"]
[White "Munoz Rozas, Diego"]
[Black "Belistri, Ubaldo"]
[Result "0-1"]
[WhiteElo "1685"]
[BlackElo "1877"]
[Annotator "NA"]
[PlyCount "48"]
[EventDate "2020.02.08"]
[EventType "swiss"]
[EventCountry "URU"]
[SourceTitle "playchess.com"]
[Source "ChessBase"]
[SourceQuality "1"]
[TimeControl "5400+30"]

1. d4 {[%emt 0:19:17]} d6 {[%emt 0:01:35]} 2. Nf3 {[%emt 0:00:14]} Nf6 {[%emt 0:00:43]} 3. Bf4 {[%emt 0:00:09]} Bg4 {[%emt 0:03:39]} 4. e3 {[%emt 0:00:19]} Nbd7 {[%emt 0:01:15]} 5. Bb5 {[%emt 0:00:20]} c6 {[%emt 0:02:01]} (5... e5 $5 6. dxe5 dxe5 $11) 6. Be2 {[%emt 0:00:12]} Qb6 {[%emt 0:08:01]} 7. Qc1 {[%emt 0:00:06] [#]} e5 $1 {[%emt 0:11:47]} 8. dxe5 {[%emt 0:00:05]} dxe5 {[%emt 0:00:20]} 9. Bg5 $17 {[%emt 0:00:15]} (9. Bg3 $11 {keeps the balance.}) 9... e4 {[%emt 0:03:45]} 10. Bxf6 {[%emt 0:10:20]} Nxf6 {[%emt 0:01:57]} 11. Nd4 {[%emt 0:01:26]} Bxe2 {[%emt 0:04:47]} 12. Nxe2 {[%emt 0:00:06]} Bd6 {[%emt 0:03:48]} 13. O-O {[%emt 0:00:32]} Be5 {[%emt 0:00:53]} 14. c3 {[%emt 0:00:15]} O-O {[%emt 0:05:01]} 15. Nd2 {[%emt 0:00:16]} Rfe8 {[%emt 0:06:39]} 16. Ng3 {[%emt 0:03:03]} Bxg3 {[%emt 0:08:07]} 17. hxg3 {[%emt 0:00:18]} Qc5 {[%emt 0:02:00]} 18. Qd1 {[%emt 0:00:10]} Qg5 {[%emt 0:02:01]} 19. Qe2 {[%emt 0:00:28]} Ng4 {[%emt 0:04:06]} 20. Rfd1 {[%emt 0:03:45]} Re6 {[%emt 0:04:16]} 21. Qc4 {[%emt 0:03:27]} Rae8 {[%emt 0:02:42]} 22. b4 {[%emt 0:02:15]} Nxe3 {[%emt 0:03:29]} 23. Nxe4 {[%emt 0:01:29]} Rxe4 {[%emt 0:00:49]} 24. Rd4 {[%emt 0:00:38]} Nxc4 {[%emt 0:00:37]} 0-1